Lionel and Spy Next Door (Record no. 372)

MARC details
000 -LEADER
fixed length control field 00287nam a2200109 4500
008 - FIXED-LENGTH DATA ELEMENTS--GENERAL INFORMATION
fixed length control field 160622b xxu||||| |||| 00| 0 eng d
100 ## - MAIN ENTRY--PERSONAL NAME
9 (RLIN) 450
Personal name Allen, L,
245 ## - TITLE STATEMENT
Title Lionel and Spy Next Door
260 ## - PUBLICATION, DISTRIBUTION, ETC. (IMPRINT)
Place of publication, distribution, etc. Lon
Name of publisher, distributor, etc. Homish Hamilton
Date of publication, distribution, etc. 1985
300 ## - PHYSICAL DESCRIPTION
Extent Lionel and Spy Next Door
942 ## - ADDED ENTRY ELEMENTS (KOHA)
Source of classification or shelving scheme Dewey Decimal Classification
Koha item type BOOK
Holdings
Withdrawn status Lost status Source of classification or shelving scheme Damaged status Not for loan Home library Current library Shelving location Date acquired Total Checkouts Full call number Barcode Date last seen Date last checked out Price effective from Koha item type
    Dewey Decimal Classification     Good Samaritan School Library Good Samaritan School Library FICTION 06/22/2016 3 823 ALL510 10/27/2022 10/20/2022 06/22/2016 BOOK

Powered by Koha